Two and three wheeler technology / (Record no. 96873)

MARC details
000 -LEADER
fixed length control field 00623nam a22001937a 4500
005 - DATE AND TIME OF LATEST TRANSACTION
control field 20151021123427.0
010 ## - LCCN (DPL NO)
LC control number ENG-114038
020 ## - INTERNATIONAL STANDARD BOOK NUMBER
Terms of availability 395.00
International Standard Book Number 9788120351431
035 ## - SYSTEM CONTROL NUMBER
System control number EN-97570
037 ## - SOURCE OF ACQUISITION
Source of stock number/acquisition DBAD/PUB
082 ## - DEWEY DECIMAL CLASSIFICATION NUMBER
Classification number 629.2
100 ## - MAIN ENTRY--PERSONAL NAME
Personal name Panchal, Dhruv U.
245 ## - TITLE STATEMENT
Title Two and three wheeler technology /
Statement of responsibility, etc by Dhruv U. Panchal
260 ## - PUBLICATION, DISTRIBUTION, ETC. (IMPRINT)
Place of publication, distribution, etc New Delhi
Name of publisher, distributor, etc PHI Learning
Date of publication, distribution, etc 2015
270 ## - ADDRESS
Address Rimjhim House,111, Patparganj Industrial Estate
City New Delhi
Postal code 110092
300 ## - PHYSICAL DESCRIPTION
Extent xiii,385p.:
Dimensions 25cm(pbk)
Other physical details ill.
500 ## - GENERAL NOTE
General note Includes bibliographical references and index
942 ## - ADDED ENTRY ELEMENTS (KOHA)
Source of classification or shelving scheme Dewey Decimal Classification
Item type English Books
Call number suffix PAN
Classification part 629.2
Holdings
Withdrawn status Lost status Not for loan Collection code Home library Current library Date acquired Source of acquisition Cost, normal purchase price Full call number Barcode Copy number Cost, replacement price Koha item type
    Not For Loan Non-fiction D.B.Act.Division D.B.Act.Division 14/09/2015 DBAD/PUB 395.00 629.2 PAN EN-97570 1 395.00 English Books

© Delhi Public Library
Hit Counter
free hit counter